Music Quiz

Random Music or Movie Titles Quiz

Rock Songs by Words in Movie Titles Quiz Stats

 Plays Quiz Updated Oct 20, 2016

Challenge
Share
Tweet
Embed
Score 0/20 Timer 05:00
4 Plays Today
Movies Song % Correct
A Beautiful Mind / Ferris Bueller's Day OffBeautiful Day
96.4%
Dude, Where's My Car? / His Girl FridayMy Girl
93.6%
P.S. I Love You / Stand by Me / Tender MerciesLove Me Tender
89.9%
American Psycho / Attack of the Killer Tomatoes!Psycho Killer
88.4%
Walk the Line / This Gun for Hire / The Way We WereWalk This Way
85%
Wall Street / The Fighting Temptations / Iron ManStreet Fighting Man
84.2%
Light of Day / The Object of My Affection / In the Line of FireLight My Fire
83.1%
Look Who's Talking / She's All That / The Goodbye GirlWho's That Girl
82.3%
Live and Let Die / As Good As It Gets / There Will Be BloodLet It Be
79.4%
The Gods Must Be Crazy / Little Fockers / The Sweetest Thing / A Fish Called Wanda / Love StoryCrazy Little Thing Called Love
76.6%
Movies Song % Correct
Pale Rider / Devil in a Blue Dress / The Hills Have EyesPale Blue Eyes
73.4%
I Am Legend / Annie Get Your Gun / Around the World in 80 DaysI Get Around
72.4%
I'm Gonna Git You Sucka / The Day the Earth Stood Still / Last Man StandingI'm Still Standing
60.8%
How I Won the War / Deep Impact / A Star Is Born / For Your Eyes Only / Eat Pray LoveHow Deep Is Your Love
60.7%
It's Complicated / All About Eve / Over the Hedge / Apocalypse Now / Million Dollar Baby / Blue VelvetIt's All Over Now, Baby Blue
59.8%
White Men Can't Jump / Get Shorty / Being There / Escape From L.A. / From Here to EternityCan't Get There From Here
56.2%
All Dogs Go to Heaven / For Your Eyes Only / A League of Their Own / No Way OutGo Your Own Way
55.5%
The Long Kiss Goodnight / Live Free or Die Hard / The School of RockLong Live Rock
52.7%
And Then There Were None / He Got Game / Never Been Kissed / Stand by MeThen He Kissed Me
41.2%
My Fair Lady / New Jack City / How the West Was Won / Gone with the WindMy City Was Gone
30.1%

You're not logged in!

Compare scores with friends on all Sporcle quizzes.
OR
Log In

You Might Also Like...

Show Comments

Extras

Top Quizzes Today


Score Distribution

Your Account Isn't Verified!

In order to create a playlist on Sporcle, you need to verify the email address you used during registration. Go to your Sporcle Settings to finish the process.

Report this User

Report this user for behavior that violates our Community Guidelines.

Details: